Les 100 villes les plus peuplées au monde - Statistiques

Statistiques générales
  • Ce quiz a été pris 148 fois
  • Le résultat moyen est 49 sur 100
Statistiques - réponses
Pays Population Ville % Correct
Japon 37 115 000 Tokyo
100%
Inde 33 807 000 Delhi
93%
Mexique 22 505 000 Mexico
93%
Chine 22 189 000 Pékin
93%
Turquie 16 047 000 Istanbul
92%
États-Unis 8 097 000 New York
92%
Russie 12 712 000 Moscou
91%
Égypte 22 623 000 Le Caire
90%
Royaume-Uni 9 748 000 Londres
90%
Espagne 6 783 000 Madrid
89%
Brésil 13 824 000 Rio de Janeiro
88%
Corée du sud 10 004 000 Séoul
87%
Chine 29 867 000 Shanghai
87%
Inde 21 623 000 Mumbai
86%
Italie 4 331 000 Rome
85%
Brésil 22 806 000 São Paulo
85%
Argentine 15 618 000 Buenos Aires
82%
Singapour 6 119 000 Singapour
79%
Australie 5 184 000 Sydney
79%
Brésil 4 935 000 Brasilia
78%
Espagne 5 711 000 Barcelone
77%
Thaïlande 11 233 000 Bangkok
76%
Colombie 11 658 000 Bogotá
76%
Pérou 11 361 000 Lima
75%
Philippines 14 942 000 Manille
74%
République Démocratique du Congo 17 032 000 Kinshasa
73%
Afrique du Sud 4 997 000 Le Cap
72%
Russie 5 581 000 Saint-Pétersbourg
72%
Japon 18 967 000 Osaka
71%
Canada 6 431 000 Toronto
71%
Turquie 5 477 000 Ankara
70%
Bangladesh 23 935 000 Dacca
70%
Indonésie 11 436 000 Jakarta
70%
Canada 4 341 000 Montréal
70%
Irak 7 921 000 Bagdad
69%
Iran 9 616 000 Téhéran
69%
Afrique du Sud 6 324 000 Johannesbourg
67%
Nigeria 16 536 000 Lagos
67%
Arabie Saoudite 7 820 000 Riyad
67%
Chili 6 950 000 Santiago
66%
Chine 7 725 000 Hong Kong
63%
Israël 4 495 000 Tel-Aviv
63%
Malaisie 8 815 000 Kuala Lumpur
62%
Kenya 5 541 000 Nairobi
62%
Chine 14 590 000 Canton
61%
Vietnam 5 431 000 Hanoï
60%
Vietnam 9 567 000 Hô-Chi-Minh-Ville
59%
Taïwan 4 534 000 Taipei
59%
Afghanistan 4 728 000 Kaboul
58%
Côte d'Ivoire 5 866 000 Abidjan
57%
Egypte 5 696 000 Alexandrie
54%
Inde 15 570 000 Calcutta
54%
Cameroun 4 681 000 Yaoundé
54%
Australie 5 315 000 Melbourne
50%
Chine 8 950 000 Wuhan
46%
Ethiopie 5 703 000 Addis-Abeba
45%
Soudan 6 542 000 Khartoum
44%
Pakistan 17 648 000 Karachi
43%
Angola 9 651 000 Luanda
43%
Tanzanie 8 161 000 Dar es Salaam
40%
Inde 14 008 000 Bangalore
35%
Chine 13 311 000 Shenzhen
35%
Mexique 5 499 000 Guadalajara
34%
Pakistan 14 407 000 Lahore
32%
Chine 9 013 000 Xi'an
29%
Inde 12 053 000 Chennai
28%
Birmanie 5 709 000 Rangoun
28%
Brésil 6 300 000 Belo Horizonte
27%
Mexique 5 195 000 Monterrey
27%
Japon 9 556 000 Nagoya
27%
Arabie Saoudite 4 943 000 Djeddah
24%
Inde 11 068 000 Hyderabad
24%
Chine 9 928 000 Chengdu
21%
Nigeria 4 490 000 Kano
20%
Chine 17 773 000 Chongqing
19%
Chine 14 470 000 Tianjin
19%
Inde 8 854 000 Ahmedabad
18%
Bangladesh 5 513 000 Chittagon
15%
Japon 5 478 000 Fukuoka
15%
Inde 7 345 000 Pune
15%
Chine 8 419 000 Hangzhou
14%
Chine 9 938 000 Harbin
11%
Chine 9 947 000 Nanjing
11%
Chine 5 005 000 Urümqi
11%
Chine 6 104 000 Qingdao
9%
Chine 5 027 000 Changsha
7%
Chine 6 217 000 Dalian
7%
Chine 4 861 000 Kunming
6%
Chine 4 659 000 Ningbo
6%
Chine 4 727 000 Hefei
5%
Chine 7 830 000 Shenyang
5%
Chine 6 014 000 Zhengzhou
4%
Chine 4 802 000 Changchun
3%
Chine 8 350 000 Suzhou
3%
Chine 7 675 000 Dongguan
2%
Chine 4 656 000 Shantou
2%
Chine 4 454 000 Shijiazhuang
2%
Chine 7 704 000 Foshan
1%
Chine 5 940 000 Ji Nan Shandong
0%
Inde 8 330 000 Sourate
0%
Aucun quiz correspondant
Distribution des résultats
% des personnes avec chaque résultat
Percentile par nombre de réponses
Votre historique - résultats
Vous n’avez pas pris ce quiz